00902 a2200157 45000010006000000050017000060080041000230030015000640400040000790800058001192450036001772640051002133000019002645050435002831000026007185781120260407155838.0260407a1974 arg spa dAR-UNSa-BCEJYS aAR-UNSa-BCEJYSbspacAR-UNSa-BCEJYS a347.453xAlquiler. Arrendamiento (Locaciones urbanas)10aAlquileres de inmuebles urbanos 1aBuenos Aires :bVíctor P. de Zavalíac1974 a293 p.c23 cm. a1. Ámbito de aplicación de la ley – 2. Régimen de precios – 3. Continuadores de la locación – 4. Desalojo – 5. Disposiciones procesales – 6. Opción de compra: tanteo – 7. Seguro obligatorio de garantía – 8. Disposiciones transitorias – 9. Alcance de aplicación – convenios privados – 10. Competencia de aplicación administrativa – 11. Vigencia – 12. Facultad de interpretación: sanciones 1 aRinessi, Antonio Juan